00285nam a2200121Ia 4500008004100000100002100041245002900062260002800091300000800119650001200127942000700139999001700146190216s9999||||xx |||||||||||||| ||und|| aAnnapurna Sircar 0aChaos & Physical Reality bSarat Book Distributors a181 aPhysics cBK c34177d34177